Statistics for Chinese Dynasties in Order

Click here to take the quiz!

General Stats

  • This quiz has been taken 32 times
  • The average score is 16 of 21

Answer Stats

HintAnswer% Correct
Second Imperial Dynasty
(206 BCE–220 CE)
Han
100%
Second Dynasty
(1600–1046 BCE)
Shang
100%
Third Dynasty
(1045–256 BCE)
Zhou
100%
The Vase one
(1368–1644 CE)
Ming
96%
The Manchurian one
(1644–1911 CE)
Qing
96%
Dynasty
(618–907 CE)
Tang
96%
First Dynasty
(Likely Mythical)
Xia
96%
The Mongol One
(1271–1368 CE)
Yuan
96%
First Imperial Dynasty
(221-206 BCE)
Qin
91%
Dynasty
(960–1279 CE)
Song
91%
Third Imperial Dynasty
(266–420 CE)
Jin
78%
Dynasty
(581–618 CE)
Sui
78%
Interdynastic Period
(475–221 BCE)
Warring States
78%
Subdivision Three:
(23-220 CE)
Eastern Han
70%
Interdynastic Period
(771-475 BCE)
Spring and Autumn
70%
Subdivision One:
(206 BCE-9 CE)
Western Han
70%
Subdivision Two:
(9-23 CE)
Xin
65%
Interdynastic Period
(220–280 CE)
Three Kingdoms
57%
Two dynasties at once
(420 to 589 CE)
Northern and Southern
52%
Interdynastic Period
(304 to 439 CE)
Sixteen Kingdoms
39%
Interdynastic Period
(907–960 CE)
Five Dynasties and Ten Kingdoms
30%

Score Distribution

Percentile by Number Answered

Percent of People with Each Score

Your Score History

You have not taken this quiz